<?xml version="1.0" encoding="UTF-8"?>
<record
    xmlns:xsi="http://www.w3.org/2001/XMLSchema-instance"
    xsi:schemaLocation="http://www.loc.gov/MARC21/slim http://www.loc.gov/standards/marcxml/schema/MARC21slim.xsd"
    xmlns="http://www.loc.gov/MARC21/slim">

  <leader>00422nam a22001457a 4500</leader>
  <controlfield tag="005">20170403101940.0</controlfield>
  <controlfield tag="008">170403b        xxu||||| |||| 00| 0 eng d</controlfield>
  <datafield tag="040" ind1=" " ind2=" ">
    <subfield code="c">PK-LaUMT</subfield>
  </datafield>
  <datafield tag="082" ind1=" " ind2=" ">
    <subfield code="a">ZIAC 297.082</subfield>
    <subfield code="b">NAZ-I</subfield>
  </datafield>
  <datafield tag="100" ind1=" " ind2=" ">
    <subfield code="a">&#x646;&#x627;&#x632; &#x60C; &#x627;&#x6CC;&#x645; &#x627;&#x6CC;&#x633;</subfield>
  </datafield>
  <datafield tag="245" ind1=" " ind2=" ">
    <subfield code="a">&#x627;&#x633;&#x644;&#x627;&#x645; &#x645;&#x6CC;&#x6BA; &#x639;&#x648;&#x631;&#x62A; &#x6A9;&#x6CC; &#x642;&#x6CC;&#x627;&#x62F;&#x62A;/</subfield>
    <subfield code="c">&#x627;&#x6CC;&#x645; &#x627;&#x6CC;&#x633; &#x646;&#x627;&#x632;</subfield>
  </datafield>
  <datafield tag="260" ind1=" " ind2=" ">
    <subfield code="a">&#x644;&#x627;&#x6C1;&#x648;&#x631;&#x61B;</subfield>
    <subfield code="b">&#x645;&#x6A9;&#x62A;&#x628;&#x6C1; &#x639;&#x627;&#x644;&#x6CC;&#x6C1;&#x60C;</subfield>
    <subfield code="c">1989</subfield>
  </datafield>
  <datafield tag="300" ind1=" " ind2=" ">
    <subfield code="a">512 &#x635;</subfield>
  </datafield>
  <datafield tag="942" ind1=" " ind2=" ">
    <subfield code="c">BK</subfield>
  </datafield>
  <datafield tag="999" ind1=" " ind2=" ">
    <subfield code="c">92269</subfield>
    <subfield code="d">92269</subfield>
  </datafield>
  <datafield tag="952" ind1=" " ind2=" ">
    <subfield code="0">0</subfield>
    <subfield code="1">0</subfield>
    <subfield code="4">0</subfield>
    <subfield code="7">0</subfield>
    <subfield code="a">01</subfield>
    <subfield code="b">01</subfield>
    <subfield code="d">2017-04-03</subfield>
    <subfield code="l">0</subfield>
    <subfield code="o">ZIAC 297.082 NAZ-I</subfield>
    <subfield code="p">106966</subfield>
    <subfield code="r">2017-04-03 00:00:00</subfield>
    <subfield code="w">2017-04-03</subfield>
    <subfield code="y">BK</subfield>
  </datafield>
</record>
